000 00425nam a2200157 4500
008 161126b xxu||||| |||| 00| 0 eng d
020 _a978-8-1849-7618-2
082 _22012
_aDFic
_bL84w
100 _917878
_aLondon, Jack
245 _aWhite fang/
_cJack London
260 _aNew Delhi:
_bBPI India Pvt Ltd,
_cc2012.
300 _a214 pages;
_c17 cm.
650 0 _917879
_aFiction
365 _b220.00
_cPhp
942 _2ddc
_cDFIC
999 _c5900
_d5900